000
00313nam a2200133Ia 4500
005
20251222141846.0
008
251222s9999||||xx |||||||||||||| ||spa||
020
_a
9972979903
082
_a
808.882/C76
100
_a
Contreras Vera, Cecilia
245
0
_a
Caricias para el Alma
264
_b
Palomino
942
_c
LIB
999
_c
7589
_d
7589